000 00495 a2200157 4500
999 _c221
_d221
008 220330b ||||| |||| 00| 0 eng d
020 _a9789280115598
082 0 0 _a623.8824
_bI339
110 _976
_aInternational Maritime Organization
245 _aTrain the simulator trainer and assessor (Model Course 6.10) /
260 _aLondon:
_bInternational Maritime Organization,
_c2012.
300 _a1 CD: v, 142 p.
490 0 _aModel Course;
_v6.10
650 0 _aMarine Engineers
942 _2ddc
_cBK